1648 1975 1666 1179 1618 1960 1412 1384 1767 1660 1548 1902 1891 1624 1623 1447 1286 1968 1740 1491 1087 1458 1015 1353 1085 1244 1436 1338 1970 1150 1086 1864 1020 1326 1979 1117 1267 1565 1417 1064 1932 1136 1454 1693 1436 1016 1442 1896 1712 1221 1037 1757 1914 1587 1241 1833 1961 1539 1443 1839 1076 1402 1736 1980 1520 1139 1540 1863 1218 1785 1101 1632 1587 1477 1402 1911 1171 1997 1611 1356 1177 1689 1391 1172 1001 1068 1575 1165 1871 1192 1958 1751 1415 1037 1724 1157 1888 1619 1397 BCNSPRNW ULIB Ver.6.0+V

เปลี่ยนเป็นภาษาไทย

Change to English
 แสดงรายละเอียดบรรณานุกรม
  กลับหน้าหลัก

Brief Record : Get Marc (ISO 2709) : E-mail record : QR code < ปิดหน้าต่าง
LEADER : 00000nam 2200000uu 4500
001    13399112507
003     ULIB
008    110819s2548||||th 000 0 tha d
020    9789990815764 ล.1
050 04 LC5901^bส321ก 2548
245 00 การศึกษาทางไกลสอนบนเว็บ /^cแปลและเรียบเรียงโดย ศักดา ปัญจพรผล
250    พิมพ์ครั้งที่ 1
260    กรุงเทพฯ :^bศูนย์เด็กที่มีความสามารถพิเศษแห่งประเทศไทย,^c2548
300     2 เล่ม
504    บรรณานุกรม: หน้า 312-313
505 0  ล.1^tDistance education book 1 --ล.2^tDistance education book 2
650  7 การศึกษาทางไกล
650  7 เว็บไซต์
650  7 คอมพิวเตอร์ช่วยการสอน
700 00 ศักดา ปัญจพรผล,^eผู้แปล
710 20 ศูนย์เด็กที่มีความสามารถพิเศษแห่งประเทศไท
945    ^p295^l0^i027735
995    ทศพร
999 ^a ทศพร
รายการนี้ยังไม่มีแท็ก
คุณยังไม่ได้ล็อกอิน คุณสามารถมีกิจกรรมร่วมกับเว็บไซต์ได้ แต่ต้องล็อกอินก่อน ::
  ล็อกอิน

รายการสื่อสารสนเทศ

ลำดับที่ ประเภท เลขเรียก/บาร์โค้ด สถานที่ สถานะ
- ไม่พบข้อมูล -

รายการใกล้เคียง
    หัวเรื่อง [เว็บไซต์]
    หัวเรื่อง [คอมพิวเตอร์ช่วยการสอน]

BibComment


ยังไม่เคยถูกคอมเมนท์

คอมเมนท์ทรัพยากรรายการนี้
  คอมเมนท์: การศึกษาทางไกลสอน..


 Copyright 2026. Bcnsprnw @Library